[Event "Bayern Ch"]
[Site "Bayern"]
[Date "1987.??.??"]
[Round "?"]
[White "Roeder, Frank"]
[Black "Autenrieth, Michael"]
[Result "0-1"]
[WhiteElo "2310"]
[BlackElo "2360"]
[PlyCount "84"]
[EventDate "1987.??.??"]
[Source "www.chesslib.no"]
[SourceDate "2004.05.04"]

1. e4 e5 2. Nc3 Nf6 3. Bc4 Nxe4 4. Qh5 Nd6 5. Qxe5+ Qe7 6. Qxe7+ Bxe7 7. Bb3 Nf5 8. Nf3 c6 9. d4 d5 10. Bf4 Bd6 11. Ne2 O-O 12. O-O Na6 13. Rfe1 Nc7 14. c3 Re8 15. Bxd6 Nxd6 16. Ng3 f6 17. Rxe8+ Ncxe8 18. Re1 Kf7 19. Re3 g6 20. Ne1 Ng7 21. Nd3 Ngf5 22. Nxf5 Bxf5 23. Nc5 Re8 24. Rxe8 Kxe8 25. f3 Ke7 26. Kf2 b6 27. Na6 Nc4 28. Bxc4 dxc4 29. g4 Bb1 30. d5 c5 31. Nc7 Bxa2 32. Nb5 a6 33. Nc7 a5 34. Ke3 g5 35. Nb5 Bb1 36. Na3 Ba2 37. Ke4 Bb3 38. f4 h6 39. fxg5 hxg5 40. Kf5 Ba4 41. d6+ Kf7 42. h4 Bd7+ 0-1

[Event "It (open)"]
[Site "Teplice (Czech Republic)"]
[Date "2007.06.17"]
[Round "3"]
[White "Pakhomov Alexey (RUS)"]
[Black "Bujak Michal (CZE)"]
[Result "0-1"]
[WhiteElo "2449"]
[BlackElo "2218"]
[PlyCount "46"]
[EventDate "2007.??.??"]
[Source "www.chesslib.no"]
[SourceDate "2004.05.04"]

1. e4 e5 2. Bc4 Nf6 3. Nc3 Nxe4 4. Qh5 Nd6 5. Bb3 Nc6 6. Ne4 g6 7. Nxd6+ Bxd6 8. Qf3 Qe7 9. d3 Nd4 10. Qd1 Bc5 11. c3 Nxb3 12. Qxb3 c6 13. Ne2 d5 14. O-O Bg4 15. Qc2 O-O 16. Bh6 Rfe8 17. Rae1 Qh4 18. Qd2 f6 19. Be3 d4 20. cxd4 Bxe2 21. Qxe2 exd4 22. Qc2 dxe3 23. Qxc5 e2 0-1

[Event "Dallas Pinfork op2"]
[Site "Dallas, TX USA"]
[Date "1996.??.??"]
[Round "3"]
[White "Ardaman, Miles"]
[Black "Chow, Albert"]
[Result "0-1"]
[WhiteElo "2365"]
[BlackElo "2300"]
[PlyCount "104"]
[EventDate "1996.??.??"]
[Source "www.chesslib.no"]
[SourceDate "2004.05.04"]

1. e4 e5 2. Nc3 Nf6 3. Bc4 Nxe4 4. Qh5 Nd6 5. Qxe5+ Qe7 6. Qxe7+ Bxe7 7. Bd3 O-O 8. Nf3 b6 9. O-O Bb7 10. b4 Na6 11. Re1 Bf6 12. Ba3 Rfe8 13. h3 Re6 14. Rxe6 fxe6 15. Re1 Nf7 16. Ne4 Be7 17. c3 Nb8 18. Bb2 Nc6 19. a3 Nce5 20. Nxe5 Nxe5 21. Bf1 Nf7 22. c4 Nd6 23. Ng3 Bf6 24. Bxf6 gxf6 25. c5 Nc8 26. Bb5 c6 27. Bc4 a5 28. Rb1 Ba6 29. bxa5 Bxc4 30. axb6 Rb8 31. Rb4 d5 32. a4 Ne7 33. a5 Kf7 34. Ne4 Nf5 35. g4 Bd3 36. gxf5 dxe4 37. fxe6+ Kxe6 38. Rd4 Bb5 39. Rd6+ Ke5 40. f4+ Kxf4 41. Rxf6+ Kg3 42. Rf7 h5 43. h4 Bd3 44. Rf6 Bb5 45. Rg6+ Kf3 46. Kh2 Ke2 47. Rd6 Rg8 48. Rd7 Kf2 49. Rf7+ Ke1 50. Rf4 Bd3 51. a6 Bxa6 52. Rxe4+ Kxd2 0-1

[Event "Belgrade Open"]
[Site "Belgrade SCG"]
[Date "1991.??.??"]
[Round "?"]
[White "Certic, Branimir"]
[Black "Manic, Jovica"]
[Result "1/2-1/2"]
[WhiteElo "2315"]
[BlackElo "2350"]
[PlyCount "87"]
[EventDate "1991.??.??"]
[Source "www.chesslib.no"]
[SourceDate "2004.05.04"]

1. e4 e5 2. Nc3 Nf6 3. Bc4 Nxe4 4. Qh5 Nd6 5. Qxe5+ Qe7 6. Qxe7+ Bxe7 7. Bb3 O-O 8. Nf3 Na6 9. d4 c6 10. Bf4 Nf5 11. d5 Bd6 12. Bxd6 Nxd6 13. O-O-O c5 14. a4 Nc7 15. Nd2 Rd8 16. Rhe1 Kf8 17. Nce4 Nxe4 18. Rxe4 d6 19. g4 Re8 20. f3 b6 21. c4 f5 22. Rxe8+ Nxe8 23. Bc2 fxg4 24. Bxh7 Nf6 25. Bg6 gxf3 26. Nxf3 Bd7 27. b3 Be8 28. Bf5 Bh5 29. Rf1 g6 30. Be6 Bxf3 31. Rxf3 Kg7 32. h3 Rf8 33. Kc2 Nd7 34. Rxf8 Nxf8 35. Bg4 Kf6 36. h4 Ke5 37. h5 g5 38. Kd2 Kf4 39. Be6 g4 40. h6 Kg5 41. Ke3 a6 42. Kf2 Kxh6 43. Bxg4 Kg5 44. Bc8 1/2-1/2

[Event "BCF Ch"]
[Site "Swansea WLS"]
[Date "1987.??.??"]
[Round "?"]
[White "Emms, John M"]
[Black "Thomas, Ian L"]
[Result "1/2-1/2"]
[WhiteElo "2325"]
[BlackElo "2335"]
[PlyCount "101"]
[EventDate "1987.08.??"]
[Source "www.chesslib.no"]
[SourceDate "2004.05.04"]

1. e4 e5 2. Nc3 Nf6 3. Bc4 Nxe4 4. Qh5 Nd6 5. Qxe5+ Qe7 6. Qxe7+ Bxe7 7. Bb3 c6 8. Nf3 Nf5 9. O-O d5 10. Re1 O-O 11. d4 Bf6 12. Ne2 Nh4 13. Nxh4 Bxh4 14. Ng3 Be6 15. c3 Nd7 16. Bc2 Rfe8 17. Bf4 g6 18. a4 Nf8 19. a5 a6 20. Nf1 Bd7 21. Nd2 Rxe1+ 22. Rxe1 Ne6 23. Bd6 Ng7 24. Nf3 Bd8 25. b4 f6 26. Be7 Kf7 27. Bxd8 Rxd8 28. Nd2 Bf5 29. Bd1 Re8 30. Rxe8 Kxe8 31. f3 Ne6 32. g3 g5 33. Kf2 Kd7 34. Ke3 Kc7 35. Nb3 h6 36. Nc5 Nxc5 37. dxc5 Kd7 38. Be2 Be6 39. Bd3 Ke7 40. f4 Bg4 41. Kd4 gxf4 42. gxf4 Be6 43. Be2 Bg8 44. Ke3 Be6 45. Kf2 Kf7 46. Kg3 Kg6 47. Kh4 Bf5 48. Bh5+ Kg7 49. Kg3 Be6 50. h4 Bf5 51. Be2 1/2-1/2

[Event "Bled op18th"]
[Site "Bled"]
[Date "1997.??.??"]
[Round "8"]
[White "Basagic, Zlatko"]
[Black "Bozanic, Ivica"]
[Result "1/2-1/2"]
[WhiteElo "2350"]
[BlackElo "2305"]
[PlyCount "22"]
[EventDate "1997.03.15"]
[Source "ChessBase"]

1. e4 e5 2. Nc3 Nf6 3. Bc4 Nxe4 4. Qh5 Nd6 5. Qxe5+ Qe7 6. Qxe7+ Bxe7 7. Bb3 Nf5 8. Nd5 Bd8 9. Ne3 Nd4 10. Bc4 d6 11. c3 Nf5 1/2-1/2

[Event "Baden Ch"]
[Site "Kehl"]
[Date "1989.??.??"]
[Round "5"]
[White "Schneider, Bernd 2"]
[Black "Herbrechtsmeier, Christof"]
[Result "0-1"]
[WhiteElo "2320"]
[BlackElo "2300"]
[PlyCount "90"]
[EventDate "1989.??.??"]
[Source "www.chesslib.no"]
[SourceDate "2004.05.04"]

1. e4 e5 2. Nc3 Nf6 3. Bc4 Nxe4 4. Qh5 Nd6 5. Bb3 g6 6. Qxe5+ Qe7 7. Qxe7+ Bxe7 8. Nd5 Bd8 9. d4 Nf5 10. Nf3 c6 11. g4 Ng7 12. Nf4 d5 13. h3 h5 14. Rg1 hxg4 15. hxg4 Nd7 16. Be3 Nf6 17. g5 Ne4 18. O-O-O Bf5 19. Rh1 O-O 20. Rdg1 Bc7 21. Ne5 Bxe5 22. dxe5 b6 23. Rh6 Rfe8 24. f3 Nc5 25. Bxc5 bxc5 26. Rgh1 Kf8 27. Rh7 Ne6 28. Nxe6+ Bxe6 29. Ba4 Rac8 30. Rh8+ Ke7 31. Rxe8+ Kxe8 32. Rh8+ Ke7 33. Rxc8 Bxc8 34. Bxc6 Ke6 35. f4 Kf5 36. Bxd5 Be6 37. c4 Kxf4 38. Bxe6 fxe6 39. Kc2 Kxg5 40. b4 Kf4 41. bxc5 Kxe5 42. Kd3 g5 43. Ke3 Kf6 44. Ke4 Ke7 45. Kf3 e5 0-1

[Event "AUT Ch Qualifier"]
[Site "?"]
[Date "2005.08.14"]
[Round "2"]
[White "Posch Werner"]
[Black "Kuba Guenter"]
[Result "1/2-1/2"]
[WhiteElo "2233"]
[BlackElo "2383"]
[PlyCount "52"]
[EventDate "2005.??.??"]
[Source "www.chesslib.no"]
[SourceDate "2004.05.04"]

1. e4 e5 2. Bc4 Nf6 3. Nc3 Nxe4 4. Qh5 Nd6 5. Bb3 Be7 6. Nf3 Nc6 7. Nxe5 g6 8. Qe2 Nd4 9. Qd1 O-O 10. O-O Bf6 11. Nf3 N6f5 12. Nxd4 Nxd4 13. Ne2 Nxb3 14. axb3 d5 15. d4 Re8 16. c3 c6 17. Bf4 Bg4 18. f3 Bd7 19. Re1 Qb6 20. b4 h5 21. Qd2 a5 22. bxa5 Rxa5 23. Rxa5 Qxa5 24. Bg5 Bg7 25. Bh6 Bh8 26. Kf2 Qa8 1/2-1/2

[Event "HUN-ch U20"]
[Site "Paks"]
[Date "1996.??.??"]
[Round "8"]
[White "Kovacs, Gabor"]
[Black "Lehmann, Zoltan"]
[Result "1/2-1/2"]
[WhiteElo "2305"]
[BlackElo "2300"]
[PlyCount "44"]
[EventDate "1996.??.??"]
[Source "www.chesslib.no"]
[SourceDate "2004.05.04"]

1. e4 e5 2. Bc4 Nf6 3. Nc3 Nxe4 4. Qh5 Nd6 5. Bb3 Be7 6. Nf3 Nc6 7. Nxe5 O-O 8. O-O Nd4 9. d3 Nxb3 10. axb3 Ne8 11. Nd5 Nf6 12. Nxf6+ Bxf6 13. Re1 g6 14. Qf3 d6 15. Ng4 Bxg4 16. Qxg4 Re8 17. Re2 a6 18. c3 Rxe2 19. Qxe2 Qe8 20. Qxe8+ Rxe8 21. Kf1 d5 22. Bf4 c6 1/2-1/2

[Event "Budapest Noviki-C"]
[Site "Budapest HUN"]
[Date "1990.??.??"]
[Round "4"]
[White "Lendwai, Reinhard"]
[Black "Wagman, Stuart"]
[Result "1-0"]
[WhiteElo "2335"]
[BlackElo "2265"]
[PlyCount "51"]
[EventDate "1990.??.??"]
[Source "www.chesslib.no"]
[SourceDate "2004.05.04"]

1. e4 e5 2. Nc3 Nf6 3. Bc4 Nxe4 4. Qh5 Nd6 5. Qxe5+ Qe7 6. Qxe7+ Bxe7 7. Bb3 O-O 8. Nf3 c6 9. d4 Nf5 10. d5 Na6 11. g4 Nh6 12. Bxh6 gxh6 13. O-O-O Nc5 14. d6 Bf6 15. Nd4 a5 16. a3 b5 17. Rhe1 Bb7 18. Nf5 b4 19. Ne4 Nxe4 20. Rxe4 c5 21. Bd5 Bxd5 22. Nxh6+ Kh8 23. Rxd5 bxa3 24. bxa3 Rab8 25. Kd2 Rb6 26. f4 1-0

[Event "Bodensee-Cup"]
[Site "Germany"]
[Date "1996.??.??"]
[Round "3"]
[White "Bartsch, Berthold"]
[Black "Braeuning, Rudolf Wilhelm"]
[Result "0-1"]
[WhiteElo "2320"]
[BlackElo "2270"]
[PlyCount "96"]
[EventDate "1996.??.??"]
[Source "ChessBase"]

1. e4 e5 2. Nc3 Nf6 3. Bc4 Nxe4 4. Qh5 Nd6 5. Qxe5+ Qe7 6. Qxe7+ Bxe7 7. Bb3 Nc6 8. Nf3 Na5 9. O-O Nxb3 10. axb3 f6 11. d3 Kf7 12. Re1 b6 13. Bf4 Bb7 14. Bxd6 Bxd6 15. Nb5 Bf4 16. g3 Bxf3 17. gxf4 a6 18. Nxc7 Rac8 19. Nxa6 Rxc2 20. Re3 Bb7 21. Nb4 Rxb2 22. d4 Re8 23. Rc3 Ree2 24. d5 Rxf2 25. Rc7 Rg2+ 26. Kf1 Rxh2 27. Kg1 Rhg2+ 28. Kh1 Rh2+ 29. Kg1 Rbg2+ 30. Kf1 Rg4 31. Rd1 Rh1+ 32. Ke2 Rg2+ 33. Kf3 Rxd1 34. Kxg2 Bxd5+ 35. Nxd5 Rxd5 36. Kf3 Kg6 37. Ke4 Rd6 38. Rb7 h5 39. Rb8 Rc6 40. Rb7 Re6+ 41. Kf3 d5 42. Rd7 Rc6 43. Rxd5 Rc3+ 44. Ke4 Rxb3 45. Rd8 Rb4+ 46. Kf3 Kf7 47. Rh8 g6 48. f5 Kg7 0-1

[Event "HUN Team Ch"]
[Site "HUN"]
[Date "1992.??.??"]
[Round "?"]
[White "Morvay, Miklos"]
[Black "Borsavolgyi, Tamas"]
[Result "1-0"]
[WhiteElo "2300"]
[BlackElo "2280"]
[PlyCount "67"]
[EventDate "1992.??.??"]
[Source "www.chesslib.no"]
[SourceDate "2004.05.04"]

1. e4 e5 2. Nc3 Nf6 3. Bc4 Nxe4 4. Qh5 Nd6 5. Bb3 Nc6 6. Nb5 g6 7. Qf3 f5 8. Qd5 Qf6 9. Nxc7+ Kd8 10. Nxa8 b6 11. h4 h6 12. Qf3 Bb7 13. Qh3 Bxa8 14. d3 Bg7 15. Bd2 g5 16. Qg3 f4 17. Qg4 Nd4 18. c3 Ne6 19. hxg5 Nxg5 20. Nh3 Ngf7 21. Ng1 h5 22. Rxh5 Rxh5 23. Qxh5 Bxg2 24. f3 Qg5 25. Bxf7 Qg3+ 26. Kd1 Bf1 27. Kc2 Qxg1 28. Rxf1 Qxf1 29. Qg5+ Kc7 30. Qxg7 Nxf7 31. Qxf7 Qxf3 32. Qc4+ Kd6 33. Qe4 Qh5 34. d4 1-0

[Event "BL2-S 9495"]
[Site "GER"]
[Date "1995.??.??"]
[Round "?"]
[White "Huber, Armin"]
[Black "Bintakis, Michael"]
[Result "1-0"]
[WhiteElo "2360"]
[BlackElo "2215"]
[PlyCount "75"]
[EventDate "1994.??.??"]
[Source "www.chesslib.no"]
[SourceDate "2004.05.04"]

1. e4 Nf6 2. Nc3 e5 3. Bc4 Nxe4 4. Qh5 Nd6 5. Bb3 Be7 6. Nf3 Nc6 7. Nxe5 Nxe5 8. Qxe5 O-O 9. Nd5 Re8 10. O-O Bg5 11. Qg3 Bh4 12. Qg4 Ne4 13. Nxc7 d5 14. Qh5 g6 15. Qxd5 Qxc7 16. d3 Nf6 17. Qd4 Ng4 18. Bf4 Qd8 19. Qxd8 Bxd8 20. Bd5 a5 21. Rfe1 Nf6 22. Rxe8+ Nxe8 23. Re1 Ng7 24. d4 Bf6 25. c3 Ra7 26. Bf3 b6 27. Bb8 Ra6 28. a4 Kf8 29. Bc6 Bd8 30. d5 Kg8 31. d6 Ne6 32. b3 Kf8 33. g3 Bf6 34. Re3 Nd8 35. Re8+ Kg7 36. Bb5 Ra8 37. Bc7 Be6 38. c4 1-0

[Event "It"]
[Site "Leipzig GER"]
[Date "1986.??.??"]
[Round "2"]
[White "Boensch, Uwe"]
[Black "Guenther, Anetta"]
[Result "1/2-1/2"]
[WhiteElo "2475"]
[BlackElo "2085"]
[PlyCount "29"]
[EventDate "1986.??.??"]
[Source "www.chesslib.no"]
[SourceDate "2004.05.04"]

1. e4 Nf6 2. Nc3 e5 3. Bc4 Nxe4 4. Qh5 Nd6 5. Qxe5+ Qe7 6. Qxe7+ Bxe7 7. Bb3 Nf5 8. Nf3 c6 9. O-O d5 10. Re1 Be6 11. Ne2 Na6 12. d4 Nc7 13. Nf4 Nd6 14. Nxe6 Nxe6 15. c3 1/2-1/2

[Event "Passau op"]
[Site "Passau"]
[Date "1997.??.??"]
[Round "?"]
[White "Bartsch, Berthold"]
[Black "Schmidt, Georg"]
[Result "1-0"]
[WhiteElo "2345"]
[BlackElo "2210"]
[PlyCount "115"]
[EventDate "1997.04.??"]
[Source "www.chesslib.no"]
[SourceDate "2004.05.04"]

1. e4 e5 2. Nc3 Nf6 3. Bc4 Nxe4 4. Qh5 Nd6 5. Qxe5+ Qe7 6. Qxe7+ Bxe7 7. Bb3 Nf5 8. Nf3 Nc6 9. Nd5 Bd8 10. c3 Nce7 11. Nf4 Ng6 12. d4 d6 13. O-O Nxf4 14. Bxf4 O-O 15. Rfe1 Bd7 16. h3 Bf6 17. Bg5 Bxg5 18. Nxg5 Be8 19. Bc2 g6 20. Bxf5 gxf5 21. Re7 Rc8 22. Rae1 Bc6 23. Kh2 Rfe8 24. Kg3 Rxe7 25. Rxe7 h6 26. Nf3 Bxf3 27. Kxf3 Kf8 28. Re3 Kg7 29. Kf4 Kf6 30. c4 c6 31. f3 Rd8 32. h4 Rg8 33. g3 Rd8 34. Ra3 a6 35. Rb3 Rd7 36. Rb6 Ke6 37. h5 Rc7 38. d5+ cxd5 39. cxd5+ Kxd5 40. Kxf5 Kc5 41. Rb3 Rd7 42. Rc3+ Kd4 43. g4 d5 44. f4 f6 45. Kxf6 Ke4 46. g5 d4 47. Rc1 Kxf4 48. g6 d3 49. g7 Rd8 50. Ke7 Ra8 51. Kf7 d2 52. Rg1 Ke3 53. g8=Q Rxg8 54. Kxg8 Ke2 55. Kg7 d1=Q 56. Rxd1 Kxd1 57. Kxh6 Kc2 58. b4 1-0

[Event "Saitek US Masters"]
[Site "?"]
[Date "1998.??.??"]
[Round "?"]
[White "Welling, G."]
[Black "Levin, E."]
[Result "0-1"]
[WhiteElo "2350"]
[BlackElo "2190"]
[PlyCount "120"]
[EventDate "1998.??.??"]
[Source "www.chesslib.no"]
[SourceDate "2004.05.04"]

1. e4 e5 2. Nc3 Nf6 3. Bc4 Nxe4 4. Qh5 Nd6 5. Qxe5+ Qe7 6. Qxe7+ Bxe7 7. Bb3 c5 8. d3 b6 9. Bf4 Bb7 10. Bd5 Nc6 11. O-O-O O-O-O 12. Nf3 Nb4 13. Bxb7+ Kxb7 14. Rhe1 Nc8 15. d4 d5 16. dxc5 bxc5 17. a3 d4 18. Ne4 Nd5 19. Bg3 f5 20. Ned2 f4 21. Bh4 Bxh4 22. Nxh4 Nd6 23. Nhf3 Rhe8 24. Ng5 Nc7 25. Nxh7 Rxe1 26. Rxe1 Rh8 27. Ng5 Rxh2 28. Rg1 Rh6 29. Ndf3 Ne6 30. Re1 Nxg5 31. Nxg5 Rg6 32. Ne6 Rxg2 33. Nxc5+ Kc6 34. Nd3 g5 35. Re6 Kd5 36. Re5+ Kc6 37. Re6 Kd5 38. Re5+ Kc6 39. Kb1 f3 40. Ka2 Kb6 41. Kb3 g4 42. Rd5 Ne4 43. Rxd4 Nxf2 44. Nxf2 g3 45. Ne4 f2 46. Rd6+ Kc7 47. Rf6 Rg1 48. Nxf2 Rf1 49. Rf7+ Kb6 50. Rg7 gxf2 51. Rf7 Kc5 52. Kc3 Kd5 53. b3 Ke4 54. Kd2 Ra1 55. Rxf2 Rxa3 56. Kc3 Ra6 57. Rd2 Rc6+ 58. Kb4 Ke3 59. Rd3+ Ke4 60. Rc3 a5+ 0-1

[Event "SVK Team Ch 9596"]
[Site "Slovakia"]
[Date "1996.??.??"]
[Round "5"]
[White "Jakubek, Peter"]
[Black "Mrva, Vladimir"]
[Result "1/2-1/2"]
[WhiteElo "2225"]
[BlackElo "2310"]
[PlyCount "32"]
[EventDate "1995.??.??"]
[Source "www.chesslib.no"]
[SourceDate "2004.05.04"]

1. e4 e5 2. Nc3 Nf6 3. Bc4 Nxe4 4. Qh5 Nd6 5. Qxe5+ Qe7 6. Qxe7+ Bxe7 7. Bb3 Nf5 8. Nd5 Bd8 9. Ne3 d6 10. Ne2 Bf6 11. Nd5 Bd8 12. d4 c6 13. Ne3 d5 14. O-O O-O 15. c3 Bc7 16. Nxf5 Bxf5 1/2-1/2

[Event "BL2-W 9596"]
[Site "GER"]
[Date "1996.??.??"]
[Round "?"]
[White "Elsen, Mark"]
[Black "Luethgens, Eike"]
[Result "1/2-1/2"]
[WhiteElo "2225"]
[BlackElo "2295"]
[PlyCount "82"]
[EventDate "1995.10.??"]
[Source "www.chesslib.no"]
[SourceDate "2004.05.04"]

1. e4 Nf6 2. Nc3 e5 3. Bc4 Nxe4 4. Qh5 Nd6 5. Qxe5+ Qe7 6. Qxe7+ Bxe7 7. Bb3 Nf5 8. Nf3 c6 9. O-O d5 10. Re1 Be6 11. Ne2 Nd7 12. d4 O-O 13. Nf4 Rae8 14. Nxe6 fxe6 15. Rxe6 Bf6 16. Rxe8 Rxe8 17. Be3 Kf8 18. c3 Nxe3 19. fxe3 Rxe3 20. Kf2 Re7 21. g4 h6 22. h4 g5 23. hxg5 Bxg5 24. Nxg5 hxg5 25. Bc2 Nf6 26. Kf3 Kg7 27. Bf5 Re8 28. Rh1 Re7 29. Rh2 Re1 30. Re2 Rxe2 31. Kxe2 Ne8 32. b3 Nd6 33. Bd3 Kf6 34. c4 b6 35. Ke3 Ke7 36. c5 Nf7 37. b4 b5 38. Bc2 Nh6 39. Kf3 Nf7 40. a4 Nd8 41. Ke3 a6 1/2-1/2

[Event "SVK-chT2 9697"]
[Site "SVK"]
[Date "1997.??.??"]
[Round "3"]
[White "Krajnak, Martin"]
[Black "Bzowski, Blazej"]
[Result "1/2-1/2"]
[WhiteElo "2255"]
[BlackElo "2260"]
[PlyCount "37"]
[EventDate "1997.??.??"]
[Source "www.chesslib.no"]
[SourceDate "2004.05.04"]

1. Nc3 Nf6 2. e4 e5 3. Bc4 Nxe4 4. Qh5 Nd6 5. Qxe5+ Qe7 6. Qxe7+ Bxe7 7. Bb3 O-O 8. d3 c6 9. Bf4 Nf5 10. Nf3 d5 11. Ne2 Bd6 12. Kd2 Be6 13. Rhe1 Nd7 14. Bxd6 Nxd6 15. Nf4 Nc5 16. Ne5 Rae8 17. f3 f6 18. Nxe6 Rxe6 19. Ng4 1/2-1/2

[Event "Brno Duras BVK op-A"]
[Site "?"]
[Date "2001.??.??"]
[Round "2"]
[White "Buchnicek Petr"]
[Black "Svihel Karel"]
[Result "1/2-1/2"]
[WhiteElo "2330"]
[BlackElo "2185"]
[PlyCount "50"]
[EventDate "2001.??.??"]
[Source "www.chesslib.no"]
[SourceDate "2004.05.04"]

1. e4 Nf6 2. Nc3 e5 3. Bc4 Nxe4 4. Qh5 Nd6 5. Bb3 Be7 6. Nf3 Nc6 7. Nxe5 g6 8. Qe2 Nd4 9. Qd1 Nxb3 10. axb3 Nf5 11. d4 d6 12. Nf3 d5 13. O-O O-O 14. Bf4 c6 15. Qd2 Nd6 16. Rfe1 Bf5 17. Be5 Re8 18. Re2 Qd7 19. Rae1 Ne4 20. Qe3 f6 21. Bg3 Bf8 22. Qc1 Nxc3 23. bxc3 Rxe2 24. Rxe2 Re8 25. Re1 Rxe1+ 1/2-1/2

[Event "Augsburg"]
[Site "Augsburg"]
[Date "1984.??.??"]
[Round "?"]
[White "Seyb, Dieter"]
[Black "Autenrieth, Michael"]
[Result "1/2-1/2"]
[WhiteElo "2310"]
[BlackElo "2200"]
[PlyCount "36"]
[EventDate "1984.??.??"]
[Source "ChessBase"]

1. e4 e5 2. Nc3 Nf6 3. Bc4 Nxe4 4. Qh5 Nd6 5. Qxe5+ Qe7 6. Qxe7+ Bxe7 7. Be2 Nf5 8. Nf3 Nc6 9. Nd5 Bd8 10. c3 Nce7 11. Nxe7 Bxe7 12. d4 d5 13. Bf4 Bd6 14. Bxd6 Nxd6 15. Bd3 Bf5 16. Bxf5 Nxf5 17. O-O-O f6 18. Ne1 O-O-O 1/2-1/2

[Event "Lugano Open"]
[Site "Lugano SUI"]
[Date "1989.??.??"]
[Round "7"]
[White "Del Rio, Roland"]
[Black "Wagman, Stuart"]
[Result "1/2-1/2"]
[WhiteElo "2215"]
[BlackElo "2290"]
[PlyCount "61"]
[EventDate "1989.03.??"]
[Source "www.chesslib.no"]
[SourceDate "2004.05.04"]

1. e4 e5 2. Bc4 Nf6 3. Nc3 Nxe4 4. Qh5 Nd6 5. Qxe5+ Qe7 6. Qxe7+ Bxe7 7. Bd3 O-O 8. Nf3 Nc6 9. Nd5 Bd8 10. O-O Ne8 11. c3 Nf6 12. Ne3 d6 13. Bc2 Ne5 14. Nxe5 dxe5 15. d3 Be6 16. Nc4 e4 17. Na5 exd3 18. Bxd3 Bc8 19. Bf4 c6 20. b4 Nd5 21. Bd6 Be7 22. Bxe7 Nxe7 23. c4 b6 24. Rfe1 bxa5 25. Rxe7 axb4 26. a3 bxa3 27. Rxa3 Rd8 28. f4 a5 29. Be4 Kf8 30. Rc7 Rd7 31. Bxc6 1/2-1/2

[Event "Baden OL 0102"]
[Site "?"]
[Date "2001.10.07"]
[Round "1.4"]
[White "Schneider Bernd"]
[Black "Marzolf Bruno"]
[Result "1/2-1/2"]
[WhiteElo "2229"]
[BlackElo "2276"]
[PlyCount "150"]
[EventDate "2001.??.??"]
[Source "www.chesslib.no"]
[SourceDate "2004.05.04"]

1. e4 e5 2. Bc4 Nf6 3. Nc3 Nxe4 4. Qh5 Nd6 5. Bb3 Be7 6. Nf3 Nc6 7. Nxe5 O-O 8. Nxc6 dxc6 9. d3 Bf6 10. O-O Bf5 11. Re1 Bg6 12. Qg4 Bf5 13. Qf3 Re8 14. Bf4 Qd7 15. h3 Bg6 16. Rab1 Rxe1+ 17. Rxe1 Re8 18. Re2 Kf8 19. g4 Bd4 20. Kg2 Rxe2 21. Qxe2 Qe7 22. Qxe7+ Kxe7 23. Bc1 Bxc3 24. bxc3 c5 25. Ba3 b6 26. Bd5 Kd7 27. f4 c6 28. Bf3 f5 29. c4 Bf7 30. Kf2 Be6 31. Ke3 g6 32. g5 Bxc4 33. Bxc5 Bxa2 34. Bd4 Bd5 35. Be2 c5 36. Be5 b5 37. h4 a5 38. Kd2 b4 39. c4 bxc3+ 40. Bxc3 a4 41. Bd1 Bc6 42. Bb2 Kc7 43. Be5 Kd7 44. Kc3 Bb5 45. Bc2 Nc8 46. Bb1 Ke7 47. Ba2 Kf8 48. Be6 Ba6 49. Kc2 Bb7 50. Kb2 Ba6 51. Kc3 a3 52. Kb3 Ne7 53. Bd6 Bxd3 54. Bxc5 Ke8 55. Kc3 Be4 56. Kd4 Nc6+ 57. Kc3 Ne7 58. Kc4 a2 59. Bd4 Bb1 60. Kc5 Kf8 61. Kd6 Ng8 62. Kd7 Ne7 63. Bb3 Ng8 64. Bc3 Ne7 65. Be5 Ng8 66. Ke6 Ne7 67. Kd7 Ng8 68. Bd5 Ne7 69. Bc4 Ng8 70. Ke6 Ne7 71. Bc3 Ng8 72. Bb4+ Kg7 73. Bc3+ Kf8 74. Be2 Bc2 75. Bc4 Bb1 1/2-1/2

[Event "Eger"]
[Site "Eger"]
[Date "1995.??.??"]
[Round "?"]
[White "Srebrnic, Vojko"]
[Black "Birk, Steffen"]
[Result "1/2-1/2"]
[WhiteElo "2230"]
[BlackElo "2270"]
[PlyCount "20"]
[EventDate "1995.??.??"]
[Source "www.chesslib.no"]
[SourceDate "2004.05.04"]

1. e4 Nf6 2. Nc3 e5 3. Bc4 Nxe4 4. Qh5 Nd6 5. Bb3 Be7 6. Nf3 Nc6 7. Nxe5 O-O 8. Nd5 Nd4 9. O-O Nxb3 10. axb3 Ne8 1/2-1/2

[Event "Debrecen Ch"]
[Site "Debrecen"]
[Date "1995.??.??"]
[Round "8"]
[White "Donka, Peter"]
[Black "Menyhart, Tibor"]
[Result "0-1"]
[WhiteElo "2270"]
[BlackElo "2225"]
[PlyCount "74"]
[EventDate "1995.??.??"]
[Source "www.chesslib.no"]
[SourceDate "2004.05.04"]

1. e4 e5 2. Bc4 Nf6 3. Nc3 Nxe4 4. Qh5 Nd6 5. Bb3 Be7 6. Nf3 Nc6 7. h4 g6 8. Qg4 h5 9. Qg3 Nf5 10. Qh2 d6 11. d3 Nfd4 12. Ng5 Nxb3 13. axb3 Nd4 14. Kd1 f6 15. Nh3 Nf5 16. g3 Nd4 17. Be3 Bg4+ 18. Kc1 Nf3 19. Qg2 d5 20. Bd2 c6 21. Ng1 Nxd2 22. Kxd2 a6 23. f3 Be6 24. Re1 Qa5 25. Nge2 d4 26. Nxd4 exd4 27. Rxe6 Kf7 28. Rhe1 Bb4 29. R1e4 dxc3+ 30. bxc3 Bxc3+ 31. Ke2 Rhe8 32. Qh3 f5 33. Rxe8 Rxe8 34. Rxe8 Kxe8 35. Qf1 Qe5+ 36. Kf2 Bd4+ 37. Kg2 f4 0-1

[Event "Duesseldorf"]
[Site "?"]
[Date "1998.10.17"]
[Round "8"]
[White "Krueger Norbert"]
[Black "Kharitonov Alexandr"]
[Result "1-0"]
[WhiteElo "2230"]
[BlackElo "2265"]
[PlyCount "81"]
[EventDate "1998.??.??"]
[Source "www.chesslib.no"]
[SourceDate "2004.05.04"]

1. e4 e5 2. Nc3 Nf6 3. Bc4 Nxe4 4. Qh5 Nd6 5. Bb3 Nc6 6. Nb5 g6 7. Qf3 f5 8. Qd5 Qe7 9. Nxc7+ Kd8 10. Nxa8 b5 11. d3 Bb7 12. h4 h6 13. Qf3 Bg7 14. c3 Bxa8 15. Be3 Kc7 16. Bd5 b4 17. Ne2 bxc3 18. Nxc3 e4 19. dxe4 Bxc3+ 20. bxc3 Ne5 21. Qd1 fxe4 22. Bxa8 Nd3+ 23. Ke2 Rxa8 24. Qa4 Qe6 25. Qa5+ Kc6 26. Qa6+ Kc7 27. Rhb1 Qd5 28. Bxa7 Nc8 29. Rb5 Nf4+ 30. Ke1 Nd3+ 31. Kf1 Qc6 32. Qa5+ Kd6 33. Qa3+ Kc7 34. Ra5 Qc4 35. Kg1 Rxa7 36. Rxa7+ Nxa7 37. Qxa7+ Kc8 38. Rb1 Kd8 39. Qd4 Qxa2 40. Rb8+ Ke7 41. Qxe4+ 1-0

[Event "Brno Duras BVK op-A"]
[Site "?"]
[Date "2001.??.??"]
[Round "4"]
[White "Markovic Ivan2"]
[Black "Uhmann Jan"]
[Result "1-0"]
[WhiteElo "2290"]
[BlackElo "2205"]
[PlyCount "51"]
[EventDate "2001.??.??"]
[Source "www.chesslib.no"]
[SourceDate "2004.05.04"]

1. e4 e5 2. Nc3 Nf6 3. Bc4 Nxe4 4. Qh5 Nd6 5. Bb3 g6 6. Qxe5+ Qe7 7. Qxe7+ Bxe7 8. Nf3 O-O 9. d4 c6 10. Bf4 Nf5 11. d5 d6 12. O-O-O Na6 13. Rhe1 Re8 14. Ne4 Bd7 15. g4 Ng7 16. h3 Nc5 17. Nxc5 dxc5 18. Ne5 Bd6 19. dxc6 Bxe5 20. Bxf7+ Kf8 21. Bxe5 Bxc6 22. Bxe8 Nxe8 23. Bd6+ Nxd6 24. Rxd6 Re8 25. Rxe8+ Kxe8 26. Rxc6 1-0

[Event "Ptuj"]
[Site "Ptuj CRO"]
[Date "1990.??.??"]
[Round "?"]
[White "Srebrnic, Vojko"]
[Black "Truta, Srecko"]
[Result "1/2-1/2"]
[WhiteElo "2235"]
[BlackElo "2255"]
[PlyCount "50"]
[EventDate "1990.??.??"]
[Source "www.chesslib.no"]
[SourceDate "2004.05.04"]

1. e4 e5 2. Nc3 Nf6 3. Bc4 Nxe4 4. Qh5 Nd6 5. Qxe5+ Qe7 6. Qxe7+ Bxe7 7. Be2 c6 8. d4 Nf5 9. d5 O-O 10. Nf3 Bb4 11. O-O Ne7 12. dxc6 dxc6 13. Bd3 Bf5 14. Ne4 h6 15. Be3 Nd7 16. Rfd1 Nd5 17. Bd2 Bh7 18. c4 Bxd2 19. cxd5 cxd5 20. Nfxd2 dxe4 21. Bxe4 Nc5 22. Bf3 Rad8 23. Nc4 Bc2 24. Rxd8 Rxd8 25. Rc1 Be4 1/2-1/2